Hauptstädte Afrikas - alphabetisch - Statistiken

Allgemein
  • Dieses Quiz wurde 391 mal gespielt
  • Das Durchschnittsergebnis liegt bei 41 aus 54
Antwortstatistiken
Hauptstadt % Korrekt
A Addis Abeba
91%
A Algier
90%
A Abuja
88%
B Bamako
86%
K Kairo
86%
L Luanda
86%
T Tunis
86%
D Dschibuti-Stadt
85%
F Freetown
85%
H Harare
83%
J Juba
83%
K Kigali
83%
A Accra
82%
B Brazzaville
82%
D Dakar
82%
L Lusaka
82%
P Pretoria
82%
D Dodoma
81%
N Nairobi
80%
R Rabat
80%
A Asmara
79%
B Banjul
79%
K Kampala
79%
T Tripolis
79%
K Kinshasa
78%
V Victoria
78%
A Antananarivo
77%
C Conakry
77%
G Gaborone
77%
K Khartum
77%
B Bangui
76%
L Libreville
76%
M Maputo
76%
N Niamey
76%
W Windhoek
76%
L Lome
75%
M Malabo
74%
S Sao Tome
74%
Y(J) Yaounde
74%
M Monrovia
72%
P Port Louis
72%
P Praia
72%
L Lilongwe
71%
M Mbabane
71%
M Mogadischu
71%
M Moroni
71%
B Bissau
70%
M Maseru
70%
P Porto Novo
68%
Y Yamoussoukro
65%
O Ouagadougou
63%
N N'Djamena
62%
N Nouakchott
60%
B Bujumbura
51%
Keine übereinstimmenden Quizze gefunden
Verteilung der Resultate
Anzahl Personen mit jedem Resultat
Perzentil nach korrekt beantworteten Fragen
Ihre Resultats-Entwicklung
Sie haben dieses Quiz noch nicht gespielt